000 00876nam0a22002411 4500
001 rc\2760366
005 20250529152117.0
035 _a(NLR Aleph) 006887014
090 _a7106822
_c7106822
100 _a20110915d1940 |||y0rusy50 ca
101 0 _arus
102 _aRU
105 _aa z |||||
200 1 _aЭлектронаплавка режущего инструмента электродами со специальными покрытиями
_fИнж. Б. М. Конторов, П. М. Сапов
_gХарьк. дом техники
210 _aХарьков
_cБ. и.
_d1940
215 _a74 с.
_cил., черт., диагр.
_d21 см.
700 1 _aКонторов
_bБ.М.
_gБорис Моисеевич
701 1 _aСапов
_bП.М.
801 0 _aRU
_bNLR
_gpsbo
801 1 _aRU
_bELAR
_2rusmarc
852 _aNLR
_j40-10/744
942 _cBOOK
980 _aNB